El derecho, Tomas de Aquino y Latinoamérica / (Registro nro. 8445)

Detalles MARC
000 -LEADER
fixed length control field 00862nam a2200229Ia 4500
003 - CONTROL NUMBER IDENTIFIER
control field OSt
005 - DATE AND TIME OF LATEST TRANSACTION
control field 20210831132109.0
008 - FIXED-LENGTH DATA ELEMENTS--GENERAL INFORMATION
fixed length control field 210310s1979 ck fr 000 0 spa d
040 ## - CATALOGING SOURCE
Original cataloging agency CO-JMCR
Transcribing agency CO-JMCR
041 0# - LANGUAGE CODE
Language code of text/sound track or separate title spa
082 04 - DEWEY DECIMAL CLASSIFICATION NUMBER
Classification number 340.1 /
Item number Z12d
Edition number 23
100 1# - MAIN ENTRY--PERSONAL NAME
Personal name Zabalza Iriarte, Joaquín,
9 (RLIN) 17292
Relator term autor
245 13 - TITLE STATEMENT
Title El derecho, Tomas de Aquino y Latinoamérica /
Statement of responsibility, etc. Joaquín Zabalza Iriarte
250 ## - EDITION STATEMENT
Edition statement Segunda edición
260 ## - PUBLICATION, DISTRIBUTION, ETC.
Place of publication, distribution, etc. Bogotá :
Name of publisher, distributor, etc. Universidad Santo Tomás,
Date of publication, distribution, etc. 1979
300 ## - PHYSICAL DESCRIPTION
Extent 251 páginas ;
Dimensions 20 cm.
504 ## - BIBLIOGRAPHY, ETC. NOTE
Bibliography, etc. note Bibliografía: página 251
505 0# - FORMATTED CONTENTS NOTE
Formatted contents note El Derecho -- El triangulo jurídico -- El sujeto del derecho y del deber -- El fundamento, fin y tipología del derecho y del deber
600 #4 - SUBJECT ADDED ENTRY--PERSONAL NAME
Personal name Tomás de Aquino,
Dates associated with a name 1225-1274
General subdivision Crítica e interpretación
9 (RLIN) 39822
650 14 - SUBJECT ADDED ENTRY--TOPICAL TERM
Topical term or geographic name entry element Derecho
9 (RLIN) 17294
General subdivision Filosofía
942 ## - ADDED ENTRY ELEMENTS (KOHA)
Source of classification or shelving scheme Dewey Decimal Classification
Koha item type Books
Existencias
Withdrawn status Lost status Source of classification or shelving scheme Damaged status Not for loan Collection code Home library Current library Date acquired Source of acquisition Full call number Barcode Date last seen Copy number Koha item type
    Dewey Decimal Classification     Non-fiction Biblioteca Pública José María del Castillo y Rada Biblioteca Pública José María del Castillo y Rada 04/15/2018 Donación 340.1 / Z12d 430006421 05/16/2024 Ej.1 Books